| 000 | 00908nam a2200241 a 4500 | ||
|---|---|---|---|
| 001 | 41134 | ||
| 003 | BD-RjUL | ||
| 005 | 20211209053332.0 | ||
| 008 | 160516s1997 bg ||||| |||| 00| 0 ben d | ||
| 020 |
_a9844013976 _c: Tk. 400.00 |
||
| 035 | _a(BD-RjUL)41250 | ||
| 040 |
_aBD-RjUL _bben _cBD-RjUL _dBD-RjUL |
||
| 041 | _aben | ||
| 082 |
_223 _a891.44109 _bISK 1997 |
||
| 100 |
_aইসলাম, মযহারুল _9126533 |
||
| 245 | 1 | 0 |
_aকবি পাগলা কানাই / _cমযহারুল ইসলাম |
| 250 | _aবর্ধিত ২য় সং. | ||
| 260 |
_aঢাকা : _bআগামী প্রকাশনী, _c১৯৯৭ |
||
| 300 |
_a৫৫২ পৃ. ; _c২৩ সেমি. |
||
| 650 |
_aবাংলা কবিতা _xইতিহাস ও সমালোচনা _9126534 |
||
| 650 |
_aBengali Poetry _xHistory and Criticism _9126535 |
||
| 942 |
_2ddc _cBK |
||
| 999 |
_c41134 _d41134 |
||